000 00393nam a2200181Ia 4500
001 1176
005 20260306140612.0
008 260306t2008||||xx |||||||||||||| ||spa||
041 _aESP
082 _a186.3
_bC61E
100 _aCicerón
_eAUT
245 0 _aEl orador
260 _c2008
300 _a150 páginas :
_c17 cm.
650 _aGEN
654 _aCHU
942 _cLIB
_dJUS
_fJUS
_2ddc
_n
999 _c1176
_d1176